Normal view
MARC view
- تاليف احمد، مبدر محمد علي
Entry Personal Name
001 - CONTROL NUMBER
- control field: 60934
003 - CONTROL NUMBER IDENTIFIER
- control field: JO-AjAnu
005 - DATE AND TIME OF LATEST TRANSACTION
- control field: 20230606083946.0
008 - FIXED-LENGTH DATA ELEMENTS
- fixed length control field: 230606|| aca||aabn | a|a d
040 ## - CATALOGING SOURCE
- Original cataloging agency: JO-AjAnu
- Transcribing agency: JO-AjAnu
100 ## - HEADING--PERSONAL NAME
- Personal name: تاليف احمد، مبدر محمد علي
670 ## - SOURCE DATA FOUND
- Source citation: Work cat.: (JO-AjAnu)31081: تاليف احمد، مبدر محمد علي, author, الدولة العثمانية في عهد السلطان احمد الثالث (1703-1730م)